K-théorie /

Guardado en:
Autor Principal: Karoubi, Max.
Formato: Libro
Idioma:French
Publicado: Montréal : Presses de l'Université de Montréal, 1971.
Series:Séminaire de mathématiques supérieures ; 36
Etiquetas: Agregar Etiqueta
Sin Etiquetas, Sea el primero en etiquetar este registro!
LEADER 00913nam a22002295 4500
001 MAT.inmabb001903
008 031231s1971####quca#####b####000#0#fre#d
005 20130303193316.0
245 1 0 |a K-théorie /  |c par Max Karoubi. 
260 |a Montréal :  |b Presses de l'Université de Montréal,  |c 1971. 
300 |a 178 p. :  |b il. ;  |c 28 cm. 
440 0 |a Séminaire de mathématiques supérieures ;  |v 36 
500 |a "Notes du cours donné ... à la 8e session du Séminaire de mathématiques supérieures de l'Université de Montréal, tenue l'été 1969." 
500 |a Cabecera de portada: Université de Montréal. Département de mathématiques. 
504 |a Bibliografía: p. [177]-178. 
510 4 |a MR,  |c 50 #11218 
020 |a 0840501692 
100 1 |a Karoubi, Max. 
084 |a 19-01  |2 msc2000 
010 |a  75592906  
859 |h 19  |i K18  |p A-3479  |b BIB. MATEMATICA 
859 |h 19  |i K18  |p A-4445  |t Ej. 2  |b BIB. MATEMATICA